[Event "Olimpiade 2014 - Open"]
[Site "Tromsø"]
[Date "12.08.2014"]
[Round "10.45"]
[Board "1"]
[White "Matamoros Franco, Carlos S."]
[Black "Cu Hor, Winston Darwin"]
[Result "1-0"]
[WhiteTitle "GM"]
[BlackTitle "FM"]
[WhiteElo "2525"]
[BlackElo "2259"]
[WhiteTeam "Ecuador"]
[BlackTeam "Guatemala"]
[WhiteFideId "3600017"]
[BlackFideId "7300662"]
[EventDate "2014.08.02"]

1. c4 c5 2. g3 Nc6 3. Bg2 g6 4. Nc3 Bg7 5. Nf3 e5 6. a3 a5 7. d3 d6 8. Nd2 Nge7
9. Nf1 O-O 10. Ne3 Rb8 11. Rb1 Bd7 12. Bd2 Nd4 13. b4 cxb4 14. axb4 axb4 15.
Rxb4 b5 16. cxb5 Nxb5 17. O-O Nd4 18. Rxb8 Qxb8 19. Ned5 Nec6 20. e3 Ne6 21. Qc2
Nb4 22. Nxb4 Qxb4 23. Rb1 Qa3 24. Nd5 Rd8 25. Bb4 Qa6 26. Bc3 Nc5 27. d4 exd4
28. Bxd4 Bxd4 29. exd4 Qa4 30. Qb2 Ne6 31. Nf6+ Kh8 32. d5 Ng7 33. Qb6 Qa8 34.
Qd4 Bf5 35. Ra1 Qc8 36. g4 Bd7 37. h4 Bb5 38. h5 Qc5 39. Qb2 1-0

[Event "Olimpiade 2014 - Open"]
[Site "Tromsø"]
[Date "12.08.2014"]
[Round "10.45"]
[Board "2"]
[White "Garcia Fuentes, Sergio Miguel"]
[Black "Munoz Sanchez, Miguel"]
[Result "1/2-1/2"]
[BlackTitle "IM"]
[WhiteElo "2166"]
[BlackElo "2296"]
[WhiteTeam "Guatemala"]
[BlackTeam "Ecuador"]
[WhiteFideId "7300549"]
[BlackFideId "3600734"]
[EventDate "2014.08.02"]

1. e4 e5 2. Nf3 Nc6 3. Bb5 f5 4. d3 Nf6 5. O-O Bc5 6. Nc3 fxe4 7. dxe4 d6 8. Qd3
Bd7 9. Qc4 Qe7 10. Nd5 Nxd5 11. exd5 Nd4 12. Nxd4 Bxd4 13. Be3 Bxe3 14. fxe3
O-O-O 15. Bxd7+ Qxd7 16. Rf2 Rdf8 17. Raf1 Rxf2 18. Rxf2 Re8 19. Qe4 h6 20. Qg6
b6 21. e4 Kb7 22. b3 Re7 23. Rf8 Qb5 24. h3 Ka6 25. Kh2 Qd7 26. c4 Kb7 27. h4 a6
28. h5 b5 29. cxb5 axb5 30. b4 c6 31. dxc6+ Qxc6 32. Rd8 Kc7 33. Rf8 Kb7 34. Rd8
Kc7 35. Rf8 1/2-1/2

[Event "Olimpiade 2014 - Open"]
[Site "Tromsø"]
[Date "12.08.2014"]
[Round "10.45"]
[Board "3"]
[White "Mieles Palau, Daniel"]
[Black "Lorenzana, Wilson Estuardo"]
[Result "1-0"]
[WhiteTitle "IM"]
[BlackTitle "IM"]
[WhiteElo "2374"]
[BlackElo "2222"]
[WhiteTeam "Ecuador"]
[BlackTeam "Guatemala"]
[WhiteFideId "3600467"]
[BlackFideId "7300239"]
[EventDate "2014.08.02"]

1. c4 e5 2. g3 d6 3. Bg2 f5 4. Nc3 Nf6 5. d4 Be7 6. Nf3 Nbd7 7. Qc2 e4 8. Nh4 g6
9. Bh3 Nh5 10. Ng2 Ndf6 11. O-O O-O 12. f3 exf3 13. exf3 c6 14. Bh6 Re8 15. Rae1
Bf8 16. Qd2 Bxh6 17. Qxh6 Ng7 18. Qh4 Bd7 19. Qf4 Rxe1 20. Rxe1 Nfe8 21. Qd2 Ne6
22. Nf4 Qg5 23. Nce2 N6g7 24. Qb4 Rb8 25. c5 Qf6 26. Nd3 b6 27. Qa3 Rb7 28. Qa6
Bc8 29. cxb6 axb6 30. Qc4+ d5 31. Qc3 Qd6 32. b4 Rc7 33. Nef4 g5 34. Ne2 h6 35.
Nec1 Nf6 36. a4 Ba6 37. a5 bxa5 38. bxa5 Nd7 39. Nc5 Nxc5 40. dxc5 Qf8 41. Bf1
Bc4 42. Qb4 Bxf1 43. Kxf1 Qc8 44. Kg1 Rb7 45. Qc3 Qd8 46. Nb3 Qb8 47. Nd4 Rb1
48. a6 Rxe1+ 49. Qxe1 Qb2 50. Nxc6 Qa3 51. Nb4 d4 52. c6 Qa5 53. Qe7 Qa1+ 54.
Kf2 Qb2+ 55. Qe2 Qxb4 56. a7 1-0

[Event "Olimpiade 2014 - Open"]
[Site "Tromsø"]
[Date "12.08.2014"]
[Round "10.45"]
[Board "4"]
[White "Giron, David"]
[Black "Santos Flores, Alberto"]
[Result "0-1"]
[BlackTitle "IM"]
[WhiteElo "2103"]
[BlackElo "2291"]
[WhiteTeam "Guatemala"]
[BlackTeam "Ecuador"]
[WhiteFideId "7300697"]
[BlackFideId "3601234"]
[EventDate "2014.08.02"]

1. e4 c5 2. Nf3 Nc6 3. d4 cxd4 4. Nxd4 g6 5. c4 Bg7 6. Be3 Nf6 7. Nc3 d6 8. Be2
O-O 9. O-O Bd7 10. Rb1 Nxd4 11. Bxd4 a5 12. f4 Bc6 13. Bf3 Nd7 14. Bxg7 Kxg7 15.
Qd4+ Kg8 16. Nd5 Bxd5 17. cxd5 Rc8 18. Rfc1 Rxc1+ 19. Rxc1 Nc5 20. h3 b5 21. Kh2
b4 22. e5 Qd7 23. e6 fxe6 24. Bg4 Rf6 25. Rxc5 dxc5 26. Qxc5 Qd6 27. Bxe6+ Kg7
28. Qxa5 Qxf4+ 29. Kh1 Qc4 0-1

[Event "Olimpiade 2014 - Open"]
[Site "Tromsø"]
[Date "12.08.2014"]
[Round "10.46"]
[Board "1"]
[White "Salem, A.R. Saleh"]
[Black "Shobaita, Ahmed"]
[Result "1-0"]
[WhiteTitle "GM"]
[BlackTitle "CM"]
[WhiteElo "2591"]
[BlackElo "2067"]
[WhiteTeam "United Arab Emirates"]
[BlackTeam "Palestine"]
[WhiteFideId "9301348"]
[BlackFideId "11500336"]
[EventDate "2014.08.02"]

1. e4 c5 2. Nf3 Nc6 3. d4 cxd4 4. Nxd4 Qb6 5. Nb3 e6 6. Bd3 Nf6 7. O-O Be7 8.
Be3 Qc7 9. f4 d6 10. c3 e5 11. f5 d5 12. N1d2 O-O 13. Qf3 Rd8 14. Rad1 b6 15.
exd5 Nxd5 16. Be4 Nxe3 17. Qxe3 f6 18. Qe2 Bb7 19. Qc4+ Kh8 20. Nf3 Rac8 21. g4
Nd4 22. Qxc7 Nxf3+ 23. Bxf3 Rxc7 24. Rxd8+ Bxd8 25. Rd1 Be7 26. Bxb7 Rxb7 27.
Kf2 Kg8 28. Rd5 Kf7 29. Ke3 g6 30. Nd2 h5 31. h3 hxg4 32. hxg4 gxf5 33. gxf5 Ke8
34. a4 Rd7 35. Ke4 Rxd5 36. Kxd5 Kd7 37. b4 a6 38. Ne4 Bd8 39. c4 Be7 40. c5
bxc5 41. bxc5 Bd8 42. c6+ Kc7 43. Nc5 a5 44. Nb7 Kc8 45. Nd6+ Kc7 46. Ne8+ Kb6
47. Kd6 1-0

[Event "Olimpiade 2014 - Open"]
[Site "Tromsø"]
[Date "12.08.2014"]
[Round "10.46"]
[Board "2"]
[White "Miswadah, Baha"]
[Black "Omar, Noaman"]
[Result "0-1"]
[BlackTitle "IM"]
[WhiteElo "1803"]
[BlackElo "2350"]
[WhiteTeam "Palestine"]
[BlackTeam "United Arab Emirates"]
[WhiteFideId "11502118"]
[BlackFideId "9300244"]
[EventDate "2014.08.02"]

1. e4 c5 2. Nf3 e6 3. d4 cxd4 4. Nxd4 a6 5. Nc3 Qc7 6. Be3 Bb4 7. Qd2 Nf6 8. Bd3
d5 9. exd5 Nxd5 10. Nde2 Nxe3 11. Qxe3 Nd7 12. Qg5 Qe5 13. Qxe5 Nxe5 14. O-O-O
Ng4 15. Rdf1 f5 16. h3 Ne5 17. Rd1 Bd7 18. Rhe1 Nxd3+ 19. Rxd3 Rd8 20. Red1 Be7
21. f4 g5 22. Kb1 Bc8 23. Rxd8+ Bxd8 24. g3 Rg8 25. Re1 Kf7 26. Kc1 gxf4 27.
gxf4 Bc7 28. Nd1 Rg2 29. Ne3 Rf2 30. Nc4 Kf6 31. Kd1 b5 32. Nd2 Bxf4 33. Nxf4
Rxf4 34. Nb3 e5 35. Nc5 e4 36. Rg1 Kf7 37. b4 Rf3 38. Rh1 Rg3 39. h4 Kf6 40. Ke2
Rg2+ 41. Kd1 h5 42. a4 bxa4 43. Nxa4 f4 44. Nc5 e3 45. Re1 Bf5 46. Nxa6 Rd2+ 47.
Kc1 Rxc2+ 0-1

[Event "Olimpiade 2014 - Open"]
[Site "Tromsø"]
[Date "12.08.2014"]
[Round "10.46"]
[Board "3"]
[White "AlHuwar, Jasem"]
[Black "Tamra, Attallah"]
[Result "1/2-1/2"]
[WhiteTitle "FM"]
[WhiteElo "2277"]
[BlackElo "2081"]
[WhiteTeam "United Arab Emirates"]
[BlackTeam "Palestine"]
[WhiteFideId "9300465"]
[BlackFideId "11500255"]
[EventDate "2014.08.02"]

1. Nf3 c5 2. c4 g6 3. d4 cxd4 4. Nxd4 Nc6 5. e4 Nf6 6. Nc3 d6 7. Be2 Nxd4 8.
Qxd4 Bg7 9. Bg5 O-O 10. Qd2 Be6 11. Rc1 Qa5 12. O-O Rfc8 13. b3 a6 14. Rfd1 b5
15. Nd5 Qxd2 16. Bxd2 Nxd5 17. cxd5 Bd7 18. Rxc8+ Rxc8 19. Rc1 Rxc1+ 20. Bxc1
Bd4 21. Kf1 Kf8 22. Bd3 e6 23. dxe6 fxe6 24. Ke2 Ke7 25. Bg5+ Bf6 26. Bd2 Bd4
27. Bg5+ Bf6 28. Bd2 Bd4 29. Bb4 Bc6 30. f4 e5 31. g3 Ke6 32. Kf3 d5 33. h3 exf4
34. gxf4 dxe4+ 35. Bxe4 Bxe4+ 36. Kxe4 Bb2 37. a4 bxa4 38. bxa4 Bf6 39. Ba5 Bb2
40. Bb4 Bf6 41. Bc5 Bc3 42. Ba3 Bf6 1/2-1/2

[Event "Olimpiade 2014 - Open"]
[Site "Tromsø"]
[Date "12.08.2014"]
[Round "10.46"]
[Board "4"]
[White "Michel Yunis, Christian D."]
[Black "Khouri, Ibrahim Mohamed"]
[Result "0-1"]
[WhiteTitle "IM"]
[BlackTitle "FM"]
[WhiteElo "2311"]
[BlackElo "2225"]
[WhiteTeam "Palestine"]
[BlackTeam "United Arab Emirates"]
[WhiteFideId "3400085"]
[BlackFideId "9301526"]
[EventDate "2014.08.02"]

1. d4 Nf6 2. c4 e6 3. Nf3 Bb4+ 4. Bd2 Qe7 5. Qc2 Bxd2+ 6. Nbxd2 d6 7. e4 e5 8.
Be2 O-O 9. d5 a5 10. O-O Nbd7 11. b3 Nc5 12. Rfe1 Nh5 13. g3 f5 14. exf5 Bxf5
15. Qc3 Bg4 16. Qe3 Nf6 17. a3 Bh3 18. b4 Na6 19. Qc3 Rae8 20. Rab1 Bf5 21. Rb2
Ne4 22. Qe3 Nxd2 23. Nxd2 Qf6 24. Rc1 axb4 25. axb4 c6 26. dxc6 bxc6 27. b5 cxb5
28. cxb5 Nc5 29. Nc4 Ne4 30. Rd1 Rd8 31. Nb6 Ng5 32. Nd5 Nh3+ 33. Kg2 Qf7 34.
Bc4 Be6 35. Rdd2 Kh8 36. b6 Rc8 37. Bb3 Rc1 38. f3 Rg1+ 0-1

[Event "Olimpiade 2014 - Open"]
[Site "Tromsø"]
[Date "12.08.2014"]
[Round "10.47"]
[Board "1"]
[White "Ladva, Ottomar"]
[Black "Munoz Santana, Jose Lisandro"]
[Result "0-1"]
[WhiteTitle "FM"]
[BlackTitle "IM"]
[WhiteElo "2387"]
[BlackElo "2438"]
[WhiteTeam "Estonia"]
[BlackTeam "Dominican Republic"]
[WhiteFideId "4500024"]
[BlackFideId "6400361"]
[EventDate "2014.08.02"]

1. d4 Nf6 2. c4 e6 3. Nc3 Bb4 4. e3 O-O 5. Ne2 d5 6. a3 Be7 7. cxd5 Nxd5 8. Bd2
Nxc3 9. Bxc3 b6 10. Nf4 Bb7 11. Be2 Nd7 12. Bf3 Qb8 13. O-O Nf6 14. Qe2 Bd6 15.
Nd3 Ne4 16. Rac1 a5 17. Rfd1 Bd5 18. Bxe4 Bxe4 19. Qg4 f5 20. Qe2 Qe8 21. f3 Qh5
22. Ne5 Bd5 23. Be1 Bxe5 24. dxe5 Rf7 25. Qb5 Qg5 26. Qe2 c5 27. Bg3 Rd8 28. Rd2
Rc8 29. Bf4 Qe7 30. Qa6 Qb7 31. Qxb7 Rxb7 32. Re1 b5 33. e4 fxe4 34. fxe4 Bb3
35. Re3 c4 36. Rd6 b4 37. axb4 axb4 38. Rxe6 c3 39. Rd6 Bc2 40. b3 Bxb3 41. e6
Bxe6 0-1

[Event "Olimpiade 2014 - Open"]
[Site "Tromsø"]
[Date "12.08.2014"]
[Round "10.47"]
[Board "2"]
[White "Puntier Andujar, William Staling"]
[Black "Seeman, Tarvo"]
[Result "0-1"]
[WhiteTitle "FM"]
[BlackTitle "IM"]
[WhiteElo "2333"]
[BlackElo "2392"]
[WhiteTeam "Dominican Republic"]
[BlackTeam "Estonia"]
[WhiteFideId "6400299"]
[BlackFideId "4500547"]
[EventDate "2014.08.02"]

1. e4 c5 2. Nf3 e6 3. d4 cxd4 4. Nxd4 a6 5. Bd3 Bc5 6. Nb3 Be7 7. O-O d6 8. f4
Nd7 9. Qf3 Ngf6 10. Qg3 O-O 11. Nc3 Qc7 12. Bd2 b5 13. Rae1 b4 14. Nd1 Bb7 15.
e5 Nh5 16. Qh3 g6 17. exd6 Bxd6 18. f5 exf5 19. Bxf5 Ndf6 20. Bd3 Rae8 21. Qh4
Rxe1 22. Rxe1 Nd5 23. Bh6 Qb6+ 24. Nf2 Rc8 25. Qc4 Bf8 26. Qxc8 Bxc8 27. Re8 Ng7
28. Rxc8 Qe6 29. Rd8 Qe1+ 30. Bf1 Ne3 31. Nd2 Ne6 0-1

[Event "Olimpiade 2014 - Open"]
[Site "Tromsø"]
[Date "12.08.2014"]
[Round "10.47"]
[Board "3"]
[White "Krupenski, Juri"]
[Black "Abreu Jean, Carlos Paul"]
[Result "1-0"]
[WhiteTitle "FM"]
[BlackTitle "FM"]
[WhiteElo "2277"]
[BlackElo "2286"]
[WhiteTeam "Estonia"]
[BlackTeam "Dominican Republic"]
[WhiteFideId "4501101"]
[BlackFideId "6405525"]
[EventDate "2014.08.02"]

1. d4 Nf6 2. c4 c5 3. d5 b5 4. Nf3 g6 5. cxb5 a6 6. Qc2 d6 7. e4 Bg7 8. a4 O-O
9. Na3 e6 10. dxe6 Bxe6 11. Be2 Re8 12. O-O Bg4 13. h3 Bc8 14. Bg5 Bb7 15. Bd3
h6 16. Bxf6 Qxf6 17. Nc4 Nd7 18. Rfe1 axb5 19. axb5 d5 20. e5 Qf4 21. Nd6 Rxa1
22. Rxa1 Rb8 23. g3 Qxf3 24. Be2 Qe4 25. Nxe4 dxe4 26. Rd1 Nxe5 27. Qxc5 Rc8 28.
Qe7 Rc2 29. Kf1 Bc8 30. Rd8+ Kh7 31. Rxc8 Rxc8 32. b6 Rc1+ 33. Kg2 Rc2 34. b7
Rxe2 35. b8=Q Nc6 36. Qb5 Rxf2+ 37. Kxf2 Nxe7 38. Qb7 Nf5 39. Qxf7 e3+ 40. Kf3
e2 41. Kxe2 Nxg3+ 42. Kf3 Nf5 43. Kf4 Nd6 44. Qd7 Nc4 45. b4 Ne5 46. Qxg7+ 1-0

[Event "Olimpiade 2014 - Open"]
[Site "Tromsø"]
[Date "12.08.2014"]
[Round "10.47"]
[Board "4"]
[White "Polanco Nunez, Yoel Estarling"]
[Black "Jezov, Roman"]
[Result "1/2-1/2"]
[WhiteElo "2157"]
[BlackElo "2239"]
[WhiteTeam "Dominican Republic"]
[BlackTeam "Estonia"]
[WhiteFideId "6401783"]
[BlackFideId "4502078"]
[EventDate "2014.08.02"]

1. d4 Nf6 2. c4 c5 3. d5 e6 4. Nc3 exd5 5. cxd5 d6 6. Nf3 g6 7. Nd2 Nbd7 8. e4
Bg7 9. Be2 O-O 10. O-O Re8 11. Re1 Ne5 12. h3 g5 13. Nf3 Nxf3+ 14. Bxf3 h6 15.
a4 Nd7 16. Ra3 Ne5 17. Be2 f5 18. exf5 Bxf5 19. f4 gxf4 20. Bxf4 Ng6 21. Bg3 Qg5
22. Bg4 Bxg4 23. Qxg4 Bd4+ 24. Kh2 Rxe1 25. Qxg5 Bg1+ 26. Kh1 Bf2+ 27. Kh2 hxg5
28. Bxf2 Re7 29. Nb5 Nf4 30. Rg3 Re2 31. Rxg5+ Kh7 32. Bg3 Nxg2 33. Bxd6 Ne1+
34. Kg3 Rg2+ 35. Kf4 Nd3+ 36. Kf5 Rxg5+ 37. Kxg5 Rd8 38. Kf6 Nb4 39. Ke7 Rg8 40.
Bxc5 Nxd5+ 41. Kd7 a6 42. Nd4 Rg7+ 43. Kd6 Nf4 44. Ba3 Nxh3 45. Ne6 Rg6 46. Kd7
Rg4 47. Kc7 b5 48. axb5 axb5 49. Bc5 b4 50. Kc6 b3 51. Nd4 Rg2 52. Ba3 Nf4 53.
Nxb3 Nd3 54. Nc5 Nxb2 55. Bxb2 Rxb2 56. Nd3 Rd2 57. Nc5 Kg6 58. Nb3 Rd3 59. Nc5
Rd1 60. Nb7 Kf5 61. Nc5 Ke5 62. Nd7+ Kd4 63. Nb6 Rc1+ 64. Kd6 Rb1 65. Kc6 Rc1+
66. Kd6 Rc5 67. Nd7 Rh5 68. Ke6 Ra5 69. Nf6 Ra6+ 70. Kf5 Rd6 71. Ng4 Rd5+ 72.
Kf4 Rd8 73. Nf6 Rf8 74. Kf5 Rxf6+ 75. Kxf6 1/2-1/2

[Event "Olimpiade 2014 - Open"]
[Site "Tromsø"]
[Date "12.08.2014"]
[Round "10.48"]
[Board "1"]
[White "Khatanbaatar, Bazar"]
[Black "Harper, Ryan"]
[Result "1-0"]
[WhiteTitle "GM"]
[BlackTitle "FM"]
[WhiteElo "2390"]
[BlackElo "2236"]
[WhiteTeam "Mongolia"]
[BlackTeam "Trinidad & Tobago"]
[WhiteFideId "4900332"]
[BlackFideId "7700156"]
[EventDate "2014.08.02"]

1. e4 e5 2. Nf3 Nc6 3. Bb5 a6 4. Ba4 Nf6 5. O-O Be7 6. Re1 b5 7. Bb3 O-O 8. h3
d6 9. c3 Nb8 10. d4 Nbd7 11. Nbd2 Bb7 12. Bc2 Re8 13. Nf1 Bf8 14. Ng3 g6 15. a4
exd4 16. cxd4 c5 17. d5 Ne5 18. Nxe5 Rxe5 19. b3 Re8 20. Bd3 Qb6 21. Bb2 Bg7 22.
a5 Qc7 23. Qd2 Qe7 24. b4 c4 25. Bc2 Qf8 26. Ra3 Rac8 27. Rf3 Nh5 28. Bxg7 Nxg7
29. Rfe3 Rcd8 30. Qd4 f6 31. f4 Qf7 32. Bd1 Re7 33. Bf3 Red7 34. Nh1 h5 35. Nf2
Re7 36. g4 h4 37. Bg2 g5 38. fxg5 fxg5 39. e5 Qf4 40. Qb6 Rf8 41. Rf3 Qd2 42.
Rxf8+ Kxf8 43. Rf1 Kg8 44. Ne4 Qxg2+ 45. Kxg2 Bxd5 46. Qd4 Rxe5 47. Qxd5+ Rxd5
48. Nf6+ Kf7 49. Nxd5+ Ke6 50. Nc7+ Ke5 51. Nxa6 Ne6 52. Re1+ 1-0

[Event "Olimpiade 2014 - Open"]
[Site "Tromsø"]
[Date "12.08.2014"]
[Round "10.48"]
[Board "2"]
[White "Winter Atwell, Adrian"]
[Black "Battulga, Namkhai"]
[Result "0-1"]
[WhiteTitle "CM"]
[BlackTitle "IM"]
[WhiteElo "2110"]
[BlackElo "2411"]
[WhiteTeam "Trinidad & Tobago"]
[BlackTeam "Mongolia"]
[WhiteFideId "7700750"]
[BlackFideId "4900880"]
[EventDate "2014.08.02"]

1. e4 c5 2. c3 d5 3. exd5 Qxd5 4. d4 Nc6 5. Nf3 Bg4 6. dxc5 Qxc5 7. Be3 Qa5 8.
Na3 Nf6 9. Qb3 Qc7 10. Nb5 Qb8 11. Ng5 e6 12. f3 Qe5 13. Kf2 Bc5 14. Nc7+ Kd7
15. Nd5 Kc8 16. Nxf7 Qxd5 17. Rd1 Bxe3+ 18. Kxe3 Qc5+ 19. Ke2 Ne4 20. Rd3 Qf2+
21. Kd1 Nc5 22. Nd6+ Kc7 23. Nb5+ Kb6 24. Qc4 Nxd3 25. Bxd3 Bf5 26. Nd6 Bxd3 27.
Qxd3 Rad8 28. Kc1 Kc7 29. Rd1 Qc5 30. Nb5+ Kb6 31. Nd6 Kc7 32. Nb5+ Kb8 0-1

[Event "Olimpiade 2014 - Open"]
[Site "Tromsø"]
[Date "12.08.2014"]
[Round "10.48"]
[Board "3"]
[White "Gundavaa, Bayarsaikhan"]
[Black "Singh, Ravishen"]
[Result "1-0"]
[WhiteTitle "GM"]
[BlackTitle "CM"]
[WhiteElo "2501"]
[BlackElo "2104"]
[WhiteTeam "Mongolia"]
[BlackTeam "Trinidad & Tobago"]
[WhiteFideId "4901045"]
[BlackFideId "7700199"]
[EventDate "2014.08.02"]

1. e4 c5 2. Nf3 e6 3. d4 cxd4 4. Nxd4 Nf6 5. Nc3 d6 6. Be3 a6 7. Be2 Qc7 8. f4
Nc6 9. O-O Be7 10. Qe1 O-O 11. Qg3 Re8 12. Rae1 Bd7 13. Kh1 Rac8 14. Nxc6 Bxc6
15. Bd4 d5 16. exd5 exd5 17. Bd3 Kh8 18. Qh3 Bd7 19. Rxe7 Rxe7 20. Qh4 h6 21.
Bxf6 Ree8 22. Qxh6+ 1-0

[Event "Olimpiade 2014 - Open"]
[Site "Tromsø"]
[Date "12.08.2014"]
[Round "10.48"]
[Board "4"]
[White "Johnson, Joshua"]
[Black "Munkhgal, Gombosuren"]
[Result "0-1"]
[WhiteTitle "CM"]
[BlackTitle "IM"]
[WhiteElo "2069"]
[BlackElo "2418"]
[WhiteTeam "Trinidad & Tobago"]
[BlackTeam "Mongolia"]
[WhiteFideId "7700768"]
[BlackFideId "4901266"]
[EventDate "2014.08.02"]

1. e4 e6 2. d4 d5 3. Nc3 Nf6 4. Bg5 Bb4 5. e5 h6 6. Bc1 Ne4 7. Qg4 g6 8. Ne2 c5
9. a3 Ba5 10. dxc5 Nc6 11. b4 Nxe5 12. Qh3 Bc7 13. Nxe4 dxe4 14. Bb2 Bd7 15. Nc3
f5 16. Rd1 a6 17. c6 bxc6 18. Na4 Qg5 19. Nc5 Bc8 20. Bc4 Ke7 21. a4 Rf8 22. Ba2
Rb8 23. Ba3 Kf7 24. Rd4 Re8 25. Qg3 Nf3+ 26. gxf3 Bxg3 27. hxg3 Rd8 28. Rxd8
Qxd8 29. Rxh6 Qd4 30. Nb3 Qc3+ 31. Kd1 Kg7 32. Rh4 g5 33. Rh2 exf3 34. Bc1 Rxb4
35. Bd2 Qc4 36. Bxb4 Qxb4 37. Rh1 Qxa4 38. Bb1 e5 39. Re1 Be6 40. Nd2 e4 41. g4
Bc4 42. gxf5 Be2+ 43. Rxe2 fxe2+ 44. Kxe2 Qb5+ 45. c4 Qxf5 46. Bxe4 Qe5 47. Kd3
c5 48. f3 a5 49. Kc2 a4 50. Nb1 g4 51. Nc3 g3 52. Ne2 a3 53. Nxg3 Qb2+ 54. Kd3
a2 55. Nh5+ Kh6 56. Ng3 a1=Q 57. Nf5+ Kg5 0-1

[Event "Olimpiade 2014 - Open"]
[Site "Tromsø"]
[Date "12.08.2014"]
[Round "10.50"]
[Board "1"]
[White "Pascoal, Eduardo A"]
[Black "Salih, Akar Ali Salih"]
[Result "0-1"]
[WhiteTitle "FM"]
[BlackTitle "FM"]
[WhiteElo "2181"]
[BlackElo "2315"]
[WhiteTeam "Angola"]
[BlackTeam "Iraq"]
[WhiteFideId "10100326"]
[BlackFideId "4800575"]
[EventDate "2014.08.02"]

1. d4 d5 2. Nf3 Nf6 3. e3 c5 4. c3 Nc6 5. Bd3 Bg4 6. Nbd2 e6 7. h3 Bh5 8. Qa4 c4
9. Bb1 a6 10. Ne5 Qa5 11. Qxa5 Nxa5 12. b4 Nc6 13. Bc2 Nxe5 14. dxe5 Nd7 15. f4
a5 16. b5 Nc5 17. e4 dxe4 18. Nxe4 O-O-O 19. Be3 Bg6 20. Bxc5 Bxc5 21. Ke2 Rd5
22. a4 Rhd8 23. Ra2 h5 24. g3 Be7 25. Bb1 Kc7 26. Rg1 f6 27. exf6 gxf6 28. Nd2
Bd3+ 29. Bxd3 Rxd3 30. Rc2 Bc5 31. Rg2 Re3+ 32. Kd1 Rdd3 33. Kc1 Rxc3 34. Nxc4
Rxg3 35. Rxg3 Rxg3 36. Nxa5 b6 37. Nc4 Rxh3 38. a5 bxa5 39. b6+ Kc6 40. Nb2 Rh1+ 0-1

[Event "Olimpiade 2014 - Open"]
[Site "Tromsø"]
[Date "12.08.2014"]
[Round "10.50"]
[Board "2"]
[White "Noah, A .H. Al-Ali"]
[Black "Domingos, Catarino"]
[Result "1-0"]
[WhiteTitle "IM"]
[BlackTitle "FM"]
[WhiteElo "2326"]
[BlackElo "2280"]
[WhiteTeam "Iraq"]
[BlackTeam "Angola"]
[WhiteFideId "4800249"]
[BlackFideId "10100253"]
[EventDate "2014.08.02"]

1. Nf3 d5 2. g3 Nf6 3. Bg2 e6 4. O-O c5 5. c4 d4 6. b4 cxb4 7. a3 bxa3 8. d3 Nc6
9. Bxa3 Bxa3 10. Nxa3 O-O 11. Qb1 e5 12. Qb2 Qe7 13. Rfb1 Nd7 14. Nc2 Nc5 15.
Qa3 f6 16. Nd2 Re8 17. Rb5 Ne6 18. Ne4 Qxa3 19. Rxa3 Rd8 20. Nb4 Nc7 21. Rc5
Nxb4 22. Rxc7 Rb8 23. Nc5 b6 24. Raxa7 bxc5 25. Rxg7+ Kf8 26. Rgf7+ Kg8 27. Rg7+
Kf8 28. Raf7+ Ke8 29. Rxh7 Bf5 30. Re7+ Kf8 31. Rhf7+ Kg8 32. Rxf6 Rf8 33. Rxf8+
Kxf8 34. Rxe5 Bxd3 35. exd3 Nxd3 36. Rd5 Rb1+ 37. Bf1 Ne1 38. f4 Nc2 39. Rf5+
Kg7 40. Rg5+ Kf6 41. Kf2 Ne3 42. Be2 Rb2 43. Rxc5 Nd1+ 44. Ke1 Nc3 45. Re5 Na2
46. g4 Nb4 47. g5+ Kg6 48. Rb5 d3 49. Bg4 Nc2+ 50. Kd2 Ra2 51. Kxd3 Ne1+ 52. Ke4 1-0

[Event "Olimpiade 2014 - Open"]
[Site "Tromsø"]
[Date "12.08.2014"]
[Round "10.50"]
[Board "3"]
[White "Agnelo, Amorim"]
[Black "Mohammed, Zozek Salah Mohammed"]
[Result "1-0"]
[WhiteTitle "IM"]
[BlackTitle "CM"]
[WhiteElo "2225"]
[BlackElo "2226"]
[WhiteTeam "Angola"]
[BlackTeam "Iraq"]
[WhiteFideId "10100180"]
[BlackFideId "4803361"]
[EventDate "2014.08.02"]

1. e4 c5 2. Nf3 d6 3. d4 cxd4 4. Nxd4 Nf6 5. Nc3 a6 6. f3 e5 7. Nb3 Be6 8. Be3
Nbd7 9. Qd2 b5 10. a4 b4 11. Nd5 Bxd5 12. exd5 Nb6 13. Bxb6 Qxb6 14. a5 Qb7 15.
O-O-O Be7 16. Kb1 O-O 17. g4 Rfc8 18. g5 Nh5 19. Rg1 Rc7 20. Rg4 Nf4 21. Rxf4
exf4 22. Qxf4 Bf8 23. h4 g6 24. Rd4 Re8 25. Bd3 Re1+ 26. Ka2 Rh1 27. Rxb4 Qxd5
28. Rb8 Qe6 29. Qb4 Rc8 30. Rb6 Qe5 31. f4 Qe3 32. f5 Qg1 33. c3 Qd1 34. Qd4 Rh2
35. Bxa6 Qc2 36. Na1 Qxc3 37. Qxc3 Rxc3 38. fxg6 hxg6 39. Bb7 Rc5 40. Nb3 Rcc2
41. Nd4 Rc5 42. a6 Rxh4 43. b4 Rh2+ 44. Kb3 Rh3+ 45. Nf3 Rc7 46. Bd5 Bg7 47. Rb7
Rc3+ 48. Ka4 Rhxf3 49. Bxf3 Bd4 50. Bd5 Rc1 51. Rxf7 Kh8 52. Kb5 Rc8 53. a7 Bxa7
54. Rxa7 Rb8+ 55. Rb7 1-0

[Event "Olimpiade 2014 - Open"]
[Site "Tromsø"]
[Date "12.08.2014"]
[Round "10.50"]
[Board "4"]
[White "Al-Khattab, Ghassan M. Ali Ajmed"]
[Black "Simoes, Joao ANG"]
[Result "1-0"]
[WhiteTitle "FM"]
[BlackTitle "CM"]
[WhiteElo "2140"]
[BlackElo "2245"]
[WhiteTeam "Iraq"]
[BlackTeam "Angola"]
[WhiteFideId "4800168"]
[BlackFideId "10100520"]
[EventDate "2014.08.02"]

1. e4 e6 2. d4 d5 3. Nc3 Bb4 4. a3 Bxc3+ 5. bxc3 dxe4 6. Qg4 Nf6 7. Qxg7 Rg8 8.
Qh6 c5 9. Ne2 Bd7 10. Bg5 Ng4 11. Bxd8 Nxh6 12. Bc7 Na6 13. Bf4 Nf5 14. Ng3 cxd4
15. Nxe4 Ke7 16. Bg5+ Kf8 17. Nf6 Bc6 18. Nxg8 Kxg8 19. cxd4 Nxd4 20. O-O-O Nb5
21. Bxb5 Bxb5 22. Rd8+ Rxd8 23. Bxd8 Kg7 24. Bg5 Nc7 25. Be3 a6 26. Rd1 Nd5 27.
Rd4 Nxe3 28. fxe3 Bc6 29. g3 f5 30. Kd2 Kf6 31. Kc3 h5 32. Rd8 Ke5 33. Rd4 Bd5
34. a4 Kd6 35. Kb4 Kc6 36. a5 Be4 37. c4 Bf3 38. Rd8 Kc7 39. Rh8 Kd6 40. Rd8+
Kc7 41. Rd4 Kc6 42. h3 Bg2 43. c5 Bd5 44. g4 e5 45. Rxd5 Kxd5 46. gxf5 e4 47. f6
Ke6 48. Kc4 Kxf6 49. Kd5 Kf5 50. Kd4 Kg5 51. Kxe4 Kh4 52. Kf3 Kg5 53. e4 h4 54.
Ke3 Kf6 55. Kf4 Ke6 56. e5 Kd5 57. Kf5 Kxc5 58. e6 Kb5 59. e7 Kxa5 60. e8=Q b5
61. Ke4 Kb4 62. Kd4 a5 63. Qe1+ Ka4 64. Kc5 b4 65. Kc4 1-0